Lïinvention de la realite : comment savons-nous ce que nous croyons savoir? :
Guardado en:
| Autor Principal: | |
|---|---|
| Formato: | Libro |
| Publicado: |
Paris :
Essais,
1988
|
| Materias: | |
| Etiquetas: |
Agregar Etiqueta
Sin Etiquetas, Sea el primero en etiquetar este registro!
|
| LEADER | 00595nam a22001815a 4500 | ||
|---|---|---|---|
| 001 | EHU.bham023713 | ||
| 003 | AR-BHAM | ||
| 005 | 20110222133013.0 | ||
| 008 | 130507s1988##################000#0#####d | ||
| 082 | 3 | 0 | |a 301.153 |
| 100 | 1 | |a Watzlawick, Paul, Comp. | |
| 245 | 1 | 0 | |a Lïinvention de la realite : |b comment savons-nous ce que nous croyons savoir? : |c Paul, Comp. Watzlawick |
| 260 | |a Paris : |b Essais, |c 1988 | ||
| 300 | |a 373 p. | ||
| 500 | |a Traduit Par Anne-lise Hacker | ||
| 653 | |a Constructivismo | ||
| 653 | |a Filosofia-ensayos | ||
| 859 | |a AR-BHAM |b BIB. HUMANIDADES - General |h 301.153 |i W379-1 |p 251.01 |t Ej.1 | ||
